000
00282nam a2200097Ia 4500
001
1227101
005
20250827093017.0
008
250824s9999 xx 000 0 und d
245
0
_a
ANNEM BENİ SEVMİYOR MU
_c
GÜLTEN DAYIOĞLU
260
_b
ALTIN KİTAPLAR YAYINLARI
999
_c
1227101
_d
1227101